| 000 | 01215nam a2200229Ia 4500 | ||
|---|---|---|---|
| 001 | L235-7367 | ||
| 003 | IT-CnALBA | ||
| 008 | 170116s9999||||xx |||||||||||||| ||und|| | ||
| 040 |
_aIT-CnALBA _cIT-CnALBA |
||
| 041 | _aITALIANO | ||
| 100 | _aPHILIPON M. MICHELE, OP. | ||
| 245 | 0 | _aIL VERO VOLTO DELLA MADRE DI DIO. | |
| 250 | _a1a ed. | ||
| 260 |
_aCINISELLO BALSAMO (MI) _bEDIZIONI PAOLINE _c1952 [1° Ed.:1952] |
||
| 300 | _a188 p. (prefazione: 715) | ||
| 500 | _aTRADUZIONE DAL FRANCESE. MARIA NUOVA EVA. IMMACOLATA. DONNA DELLA STIRPE UMANA. MATERNITÀ DI MARIA. MARIA E LA CHIESA. CAPOLAVORO DI DIO. MADRE DELLA CHIESA. NOTE TEOLOGICHE. MATERNITÀ DIVINA. IMMACOLATA CONCEZIONE. PIENEZZA DI GRAZIA. MARIA E LA TRINITÀ. | ||
| 501 | _aSocietà San Paolo EM - Piazza San Paolo, 14 - 12051 ALBA (CN) (non commercial uses only) ® Copyright 2017 | ||
| 520 | _aTRADUZIONE DAL FRANCESE. MARIA NUOVA EVA. IMMACOLATA. DONNA DELLA STIRPE UMANA. MATERNITÀ DI MARIA. MARIA E LA CHIESA. CAPOLAVORO DI DIO. MADRE DELLA CHIESA. NOTE TEOLOGICHE. MATERNITÀ DIVINA. IMMACOLATA CONCEZIONE. PIENEZZA DI GRAZIA. MARIA E LA TRINITÀ. | ||
| 650 | _aMARIA SS. ANGELI SANTI DEMONI | ||
| 942 | _cBK | ||
| 957 | _71 | ||
| 999 |
_a8343 _bNO _g Copie: 1 _c266549 _d266549 |
||